Education et enseignement spécialisés : ruptures et intégrations (Record no. 3371)

MARC details
000 -LEADER
fixed length control field 02620nam a2200289 4500
008 - FIXED-LENGTH DATA ELEMENTS--GENERAL INFORMATION
fixed length control field s2003 be fre u
020 ## - INTERNATIONAL STANDARD BOOK NUMBER
International Standard Book Number 9782804144050
040 ## - CATALOGING SOURCE
Original cataloging agency LB-BrCRDP
082 1# - DEWEY DECIMAL CLASSIFICATION NUMBER
Classification number 370.15
Item number CHA
100 1# - MAIN ENTRY--PERSONAL NAME
Personal name Chatelanat, Gisela
245 10 - TITLE STATEMENT
Title Education et enseignement spécialisés : ruptures et intégrations
Statement of responsibility, etc. Gisela Chatelanat , Greta Pelgrims
260 ## - PUBLICATION, DISTRIBUTION, ETC.
Place of publication, distribution, etc. Bruxelles
Name of publisher, distributor, etc. De Boeck
Date of publication, distribution, etc. 2003
300 ## - PHYSICAL DESCRIPTION
Extent 245 p.
Dimensions 24 cm
490 0# - SERIES STATEMENT
Series statement Raisons éducatives
500 ## - GENERAL NOTE
General note Sommaire, table des matières.
520 ## - SUMMARY, ETC.
Summary, etc. La pluralité des professions, des populations ayant des besoins particuliers et des structures institutionnelles de prise en charge thérapeutique, éducative et scolaire fait de la pédagogie spécialisée un terrain de pratiques fragmenté, tantôt en rupture, tantôt en continuité avec les pratiques relevant des systèmes éducatifs "ordinaires".Pourtant dans les années 1970, quelques voix proclamaient déjà que la pédagogie spécialisée n'était rien d'autre que la pédagogie tout court. Sur le plan de la recherche sur et pour ces pratiques, les travaux s'inscrivent dans des disciplines et domaines thématiques divers. S'agit-il d'un champ en rupture avec les sciences de l'éducation, nécessairement soumis à d'autres disciplines, à une approche pluridisciplinaire ou d'un champ intégré aux sciences préoccupées par les phénomènes d'éducation ? De plus, par rapport à une thématique de recherche identique, quels sont les liens entre les études centrées sur des apprenants et contextes relevant du spécialisé d'une part, de l'ordinaire d'autre part ? Présentent-elles des spécificités ou des apports réciproques permettant d'envisager une intégration des connaissances produites sur les pratiques d'éducation, d'enseignements spécialisés et ordinaires ? Ces questions guident le débat suscité dans cet ouvrage.Au fil des contributions, le lecteur découvrira différents points de vue émergeant d'une grande richesse de thématiques, allant de l'histoire de l'éducation spéciale et de la formation d'enseignants spécialisés aux enjeux sociaux et implications professionnelles, en passant par l'exclusion et l'intégration scolaire et des questions de didactique et de processus d'apprentissage.
650 4# - SUBJECT ADDED ENTRY--TOPICAL TERM
Topical term or geographic name entry element Education spécialisé
650 4# - SUBJECT ADDED ENTRY--TOPICAL TERM
Topical term or geographic name entry element Intégration
650 4# - SUBJECT ADDED ENTRY--TOPICAL TERM
Topical term or geographic name entry element Sciences de l'éducation
650 4# - SUBJECT ADDED ENTRY--TOPICAL TERM
Topical term or geographic name entry element Enjeux cognitifs
650 4# - SUBJECT ADDED ENTRY--TOPICAL TERM
Topical term or geographic name entry element Pédagogie
650 4# - SUBJECT ADDED ENTRY--TOPICAL TERM
Topical term or geographic name entry element Scolarisation
650 4# - SUBJECT ADDED ENTRY--TOPICAL TERM
Topical term or geographic name entry element Formation des enseignants
700 1# - ADDED ENTRY--PERSONAL NAME
Personal name Pelgrims, Greta
942 ## - ADDED ENTRY ELEMENTS (KOHA)
Koha item type Books
Holdings
Withdrawn status Lost status Source of classification or shelving scheme Damaged status Not for loan Home library Current library Shelving location Date acquired Source of acquisition Cost, normal purchase price Total Checkouts Full call number Barcode Date last seen Copy number Price effective from Koha item type
    Dewey Decimal Classification     مكتب الاعداد والتدريب - الدكوانه مكتب الاعداد والتدريب - الدكوانه Standard Shelving Location 07/28/2016       371.9 CHA   07/28/2016   07/28/2016 Books
    Dewey Decimal Classification     مكتب الاعداد والتدريب - الدكوانه مكتب الاعداد والتدريب - الدكوانه Standard Shelving Location 07/28/2016       371.9 CHA   07/28/2016   07/28/2016 Books
    Dewey Decimal Classification     مكتبة دار المعلمين و المعلمات - بئر حسن مكتبة دار المعلمين و المعلمات - بئر حسن Salle de Lecture 10/10/2008 Ambassade de France 0.00   371.9 Cha CRB2301 07/27/2016 1 07/27/2016 Books
    Dewey Decimal Classification     مكتبة دار المعلمين و المعلمات - جونية مكتبة دار المعلمين و المعلمات - جونية Salle de Lecture 09/22/2010 Ambassade de France 0.00   371.9 CHA. CRJ4289 07/27/2016 1 07/27/2016 Books
    Dewey Decimal Classification     مكتبة دار المعلمين و المعلمات - زحلة مكتبة دار المعلمين و المعلمات - زحلة Salle de Lecture 01/13/2009 Amb. de France 29.00   370.15 CHA CRZ3611 07/27/2016 1 07/27/2016 Books
    Dewey Decimal Classification     مكتبة دار المعلمين و المعلمات - صيدا مكتبة دار المعلمين و المعلمات - صيدا Salle de Lecture 10/10/2008 Ambassade de France 0.00   371.9 CHA CRS2715 07/28/2016 1 07/28/2016 Books
    Dewey Decimal Classification     مكتبة دار المعلمين و المعلمات - طرابلس مكتبة دار المعلمين و المعلمات - طرابلس Salle de Lecture 03/11/2008 Ambassade de France 0.00   371.94 CHA CRT2198 07/27/2016 1 07/27/2016 Books